Tennis - Le top 20 du classement ATP au 1er janvier 2019 - Statistiques

Statistiques générales
  • Ce quiz a été pris 33 fois
  • Le résultat moyen est 15 sur 20
Statistiques - réponses
Rang Joueur Pays Âge Points % Correct
4 Alexander Zverev Allemagne 21 6 385
100%
1 Novak Djokovic Serbie 31 9 045
100%
2 Rafael Nadal Espagne 32 7 480
100%
3 Roger Federer Suisse 37 6 420
100%
16 Daniil Medvedev Russie 22 1 977
93%
9 Kei Nishikori Japon 29 3 590
93%
15 Stefanos Tsitsipas Grèce 20 2 095
93%
8 Dominic Thiem Autriche 25 4 095
86%
19 Grigor Dimitrov Bulgarie 27 1 835
86%
7 Marin Cilic Croatie 30 4 250
86%
5 Juan Martin Del Potro Argentine 30 5 300
83%
13 Fabio Fognini Italie 31 2 315
76%
10 John Isner États-Unis 33 3 155
76%
6 Kevin Anderson Afrique du Sud 32 4 710
76%
18 Milos Raonic Canada 28 1 855
76%
11 Karen Khachanov Russie 22 2 835
66%
17 Diego Schwartzman Argentine 26 1 880
62%
12 Borna Coric Croatie 22 2 480
48%
14 Kyle Edmund Royaume-Uni 23 2 150
21%
20 Marco Cecchinato Italie 26 1 819
10%
Aucun quiz correspondant
Distribution des résultats
% des personnes avec chaque résultat
Percentile par nombre de réponses
Votre historique - résultats
Vous n’avez pas pris ce quiz